000 00298nam a22001337a 4500
008 170622b xxu||||| |||| 00| 0 eng d
020 _a2900872893794
041 _aeng
080 _a32
100 _a20
101 _aSHP
245 _aGOVERNING STATES & LOCALITIES
_cSMITH, K.B
942 _2udc
_cBK
999 _c18747
_d18747